Amenitní migrace jako specifická forma globální migrace obyvatel a její vliv na kvalitu života

Termín amenitná migrácia (amenity migration) sa vyskytuje v odbornej literatúre, ktorá sa zaoberá širokou témou sociálnej ekológie a kvality ľudského života. Fenomén ameninej migrácie výtazne podporuje masové šírenie informačných technológií a vo svojom dôsledku vedie k zmenám priestorového usporiad...

Descrizione completa

Salvato in:
Dettagli Bibliografici
Autore principale: Bartoš, Michael
Altri autori: Kušová, Drahomíra
Natura: Capitolo di libro
Lingua:ceco
Tags: Aggiungi Tag
Nessun Tag, puoi essere il primo ad aggiungerne!!

MARC

LEADER 00000naa$a2200000$$$4500
001 0039091
005 20230928075509.6
041 0 |a cze 
044 |a SK 
245 1 0 |a Amenitní migrace jako specifická forma globální migrace obyvatel a její vliv na kvalitu života  |c Michael Bartoš, Drahomíra Kušová 
520 |a Termín amenitná migrácia (amenity migration) sa vyskytuje v odbornej literatúre, ktorá sa zaoberá širokou témou sociálnej ekológie a kvality ľudského života. Fenomén ameninej migrácie výtazne podporuje masové šírenie informačných technológií a vo svojom dôsledku vedie k zmenám priestorového usporiadania ľudských aktivít v cieľovom území. Vývojové štádiá amenitnej migrácie a jej typológia. Amenitná migrácia v Českej republike. 
100 1 |a Bartoš, Michael 
700 1 |a Kušová, Drahomíra